000
00301nam a22001337a 4500
008
181015b xxu||||| |||| 00| 0 eng d
020
_a
0123915023
041
_a
eng
080
_2
2nd
_a
591
100
_a
7
101
_a
ZOO
245
_a
Pathology of Domestic Animals
_c
Jubb,K.V.F
942
_2
udc
_c
BK
999
_c
49683
_d
49683